000 01558namaa22003251i 4500
005 20260621115127.0
008 260510s1995 ua a|||frm||| 000 0 eng d
040 _aEG-GICUC
_beng
_cEG-GICUC
_dEG-GICUC
_erda
041 0 _aeng
_beng
_bara
049 _aDeposit
097 _aPh.D
099 _aCai01.10.15.Ph.D.1995.Mo.H
100 0 _aMohamed Tawfik Said,
_epreparation.
245 1 0 _aHepato and nephrotoxicity of some aminoglycoside antibiotics in calves /
_cBy Mohamed Tawfik Said ; Supervision Prof. Dr. Abdel Khalik Bakr Hassan, Prof. Dr. Abou Bakr youssef El-Gendi, Prof. Dr. Mohamed Samih Mahmoud Hanafy
246 1 5 _aالتأثيرات السمية الكبدية والكلوية لبعض المضادات الحيوية الامينوجلوكوسيدية في العجول
264 0 _c1995.
300 _a145 Leaves :
_billustrations
_c30 cm. +
336 _2rda content
_atext
337 _2rdamedia
_aUnmediated
338 _2rdacarrier
_avolume
502 _aThesis (Ph.D)-Cairo University, 1995.
504 _aBibliography: pages 131-145
653 0 _aHepato and nephrotoxicity
_aSome aminoglycoside antibiotics in calves
700 0 _aAbdel Khalik Bakr Hassan
_ethesis advisor.
700 0 _aAbou Bakr youssef El-Gendi
_ethesis advisor.
700 0 _aMohamed Samih Mahmoud Hanafy
_ethesis advisor.
900 _DDepartment of Pharmacology
_FFaculty of Medicine
_UCairo University
_b1995
_cAbdel Khalik Bakr Hassan
_cAbou Bakr youssef El-Gendi
_cMohamed Samih Mahmoud Hanafy
905 _aNehad
_eNourhan
942 _2ddc
_cTH
_e21
_n0
999 _c180053